Pop music artists by picture #2 - Statistics

General Stats
  • This quiz has been taken 180 times
  • The average score is 13 of 16
Answer Stats
Picture Answer % Correct
Michael Jackson
98%
Sabrina Carpenter
93%
Selena Gomez
93%
Sia
93%
Olivia Rodrigo
87%
Justin Timberlake
86%
Post Malone
85%
Shawn Mendes
85%
Meghan Trainor
79%
Shakira
79%
Chappell Roan
77%
Celine Dion
75%
Lizzo
71%
Charlie Puth
69%
Jason Derulo
67%
Ava Max
53%
No matching quizzes found
Score Distribution
Percent of People with Each Score
Percentile by Number Answered
Your Score History
You have not taken this quiz